|
|
|
|
| LEADER |
00000cam a22000004a 4500 |
| 001 |
musev2_34255 |
| 003 |
MdBmJHUP |
| 005 |
20230905043616.0 |
| 006 |
m o d |
| 007 |
cr||||||||nn|n |
| 008 |
811109t19821982nju o 00 0 eng d |
| 020 |
|
|
|a 9781400856237
|
| 020 |
|
|
|z 9780691065113
|
| 020 |
|
|
|z 9780691013893
|
| 020 |
|
|
|z 9780691614496
|
| 020 |
|
|
|z 9780691642123
|
| 035 |
|
|
|a (OCoLC)889251782
|
| 040 |
|
|
|a MdBmJHUP
|c MdBmJHUP
|
| 041 |
1 |
|
|a eng
|h swe
|
| 100 |
1 |
|
|a Ekelöf, Gunnar,
|d 1907-1968,
|e author.
|
| 245 |
1 |
0 |
|a Songs of Something Else :
|b Selected Poems of Gunnar Ekelof /
|c translated by Leonard Nathan and James Larson.
|
| 264 |
|
1 |
|a Princeton, New Jersey :
|b Princeton University Press,
|c [1982]
|
| 264 |
|
3 |
|a Baltimore, Md. :
|b Project MUSE,
|c 2015
|
| 264 |
|
4 |
|c ©[1982]
|
| 300 |
|
|
|a 1 online resource (170 pages).
|
| 336 |
|
|
|a text
|b txt
|2 rdacontent
|
| 337 |
|
|
|a computer
|b c
|2 rdamedia
|
| 338 |
|
|
|a online resource
|b cr
|2 rdacarrier
|
| 490 |
0 |
|
|a Princeton legacy library
|
| 490 |
0 |
|
|a The Lockert library of poetry in translation
|
| 588 |
|
|
|a Description based on print version record.
|
| 600 |
1 |
7 |
|a Ekelöf, Gunnar,
|d 1907-1968.
|2 fast
|0 (OCoLC)fst00053867
|
| 600 |
1 |
0 |
|a Ekelöf, Gunnar,
|d 1907-1968
|v Translations into English.
|
| 650 |
|
7 |
|a POETRY
|x European
|x General.
|2 bisacsh
|
| 650 |
|
7 |
|a LITERARY CRITICISM
|x European
|x German.
|2 bisacsh
|
| 655 |
|
7 |
|a Translations.
|2 fast
|0 (OCoLC)fst01423791
|
| 655 |
|
7 |
|a Electronic books.
|2 local
|
| 700 |
1 |
|
|a Nathan, Leonard,
|d 1924-2007,
|e translator.
|
| 700 |
1 |
|
|a Larson, James L.,
|e translator.
|
| 710 |
2 |
|
|a Project Muse.
|e distributor
|
| 830 |
|
0 |
|a Book collections on Project MUSE.
|
| 856 |
4 |
0 |
|z Texto completo
|u https://projectmuse.uam.elogim.com/book/34255/
|
| 945 |
|
|
|a Project MUSE - Custom Collection
|
| 945 |
|
|
|a Project MUSE - Archive Complete Supplement III
|
| 945 |
|
|
|a Project MUSE - Archive Literature Supplement III
|